000 01733cam a22004814i 4500
003 PE-LiUPU
005 20250731173348.0
008 150706s2000 stk rb 000 0 eng d
020 _a0 567 0 08543 0
035 _a(Sirsi) i05670085430
040 _aPE-LiUPU
_bspa
_cPE-LiUPU
_erda
049 _aPRUA
082 0 4 _a220.7
_bICC2000
_221
100 1 _aThrall, Margaret E. ,
_eautor.
245 1 2 _aA critical and exegetical commentary on the second epistle to the Corinthians /
_cMargaret. Thrall.
264 1 _aEdinburgh :
_bT and T Clark,
_c2000.
300 _a978 páginas ;
_c21 centímetros.
336 _atext
_2rdacontent
337 _aunmediated
_2rdamedia
338 _avolume
_2rdacarrier
490 1 _aThe International Critical Commentary
504 _aIncluye bibliografía.
505 0 _aThe Collection Chapters (8.1-9.15) -- The last letter to Corinth (10.1-13.13).
526 _aSEG42
526 _aSEG41
526 _aSEG40
526 _aSEG39
526 _aP94
526 _aP87
526 _aP86
526 _aP85
526 _aP77
526 _aP76
526 _aP35
541 _g104-9871792-3978609;
630 0 4 _aBibia.
_pN.T.
_pCorintios II
_xComentarios.
910 _agl
_bjv
_clch
_d20100111
942 _2ddc
_cBOOK
949 _a220.7 ICC 47B 2000
_wDEWEY
_c1
_i60914
_lCCODEBUL1
_mBUL
_p144.00
_r0
_sY
_tBOOK
_u2015-7-6
_xTEOLOGIA
_zUNKNOWN
_o.STAFF. Colección Teología
994 _aC0
_bPEPRU
596 _a1
999 _a220.7 ICC 47B 2000
_wDEWEY
_c50272
_i60914
_d50272
_e2016-10-23
_f2021-11-9
_g5
_lCCODEBUL1
_mBUL
_n2
_p144.00
_q1
_r0
_sY
_tBOOK
_u2015-7-6
_xTEOLOGIA
_PP35
_0COMPRA
_o.STAFF. Colección Teología
980 _81
_gALBERTO SANCHEZ Responsable de Automatización